| 000 | 00000nam##2200000za#4500 |
| 001 | 9.632512 |
| 003 | CaOODSP |
| 005 | 20240131103310 |
| 007 | cr ||||||||||| |
| 008 | 150407|2006||||xxc|||||o f|0| 0 fre|d |
| 020 | |a0-662-71085-1 |
| 040 | |aCaOODSP|bfre |
| 043 | |an-cn--- |
| 086 | 1 |aEn154-35/2006F-PDF |
| 110 | 1 |aCanada. |bEnvironnement Canada. |bRégion du Québec. |
| 245 | 10|aPortrait de l'évolution de l'action communautaire dans le cadre du Plan d'action Saint-Laurent |h[ressource électronique] |
| 260 | |aQuébec - Québec : |bEnvironnement Canada. |cc2006. |
| 300 | |a16p.|bcartes en couleur, photographies |
| 500 | |aLe n° de catalogue (En154-35/2006F) et l'ISBN (0-662-71084-3) de l'édition imprimée ont été incorrectement copiés dans l'édition électronique. |
| 590 | |a14-08-Supp|b2014-04-10 |
| 691 | 07|aDéveloppement durable|2gcpds |
| 691 | 07|aÉcosystème aquatique|2gcpds |
| 775 | 08|tOverview of community action development under the St. Lawrence Action Plan |w(CaOODSP)9.688077 |
| 856 | 40|ahttp://publications.gc.ca|qPDF|s597 Ko|uhttps://publications.gc.ca/collections/collection_2014/ec/En154-35-2006-fra.pdf |